What Every Engineering Should Know About : Risk Engineering and Management. (Record no. 3160)

MARC details
005 - DATE AND TIME OF LATEST TRANSACTION
control field 20250621090732.0
020 ## - INTERNATIONAL STANDARD BOOK NUMBER
International Standard Book Number 0-8247-9301-3
082 ## - DEWEY DECIMAL CLASSIFICATION NUMBER
Classification number TEA LM 620 WAN
100 ## - MAIN ENTRY--PERSONAL NAME
Author name WANG, J. X.
245 ## - TITLE STATEMENT
Title What Every Engineering Should Know About : Risk Engineering and Management.
260 ## - PUBLICATION, DISTRIBUTION, ETC.
Place of publication, distribution, etc. New York,
Name of publisher, distributor, etc. Marcel Dekker,
Date of publication, distribution, etc. 2000.
300 ## - PHYSICAL DESCRIPTION
Extent vii, 251p.: Ill.; figure, table
Other physical details Index
Dimensions 23cm
700 ## - ADDED ENTRY--PERSONAL NAME
Other authors/Editors ROUSH, M. L.
942 ## - ADDED ENTRY ELEMENTS (KOHA)
Source of classification or shelving scheme Dewey Decimal Classification
Koha item type Books
Holdings
Date last seen Total checkouts Full call number Barcode Cost, replacement price Price effective from Koha item type Lost status Source of classification or shelving scheme Damaged status Not for loan Withdrawn status Home library Current library Shelving location Date acquired Cost, normal purchase price
06/04/2025   TEA LM 620 WAN 00000011086 792000.00 06/04/2025 Books   Dewey Decimal Classification       College of Business Education Main Library College of Business Education Main Library General Collection 04/22/2005 264000.00
06/04/2025   TEA LM 620 WAN 00000011087 792000.00 06/04/2025 Books   Dewey Decimal Classification       College of Business Education Main Library College of Business Education Main Library General Collection 04/22/2005 264000.00
06/04/2025   TEA LM 620 WAN 00000011088 792000.00 06/04/2025 Books   Dewey Decimal Classification       College of Business Education Main Library College of Business Education Main Library General Collection 04/22/2005 264000.00
06/04/2025   TEA LM 620 WAN 00000011089 792000.00 06/04/2025 Books   Dewey Decimal Classification       College of Business Education Main Library College of Business Education Main Library General Collection 04/22/2005 264000.00